| 000 | 00453nam a2200181Ia 4500 | ||
|---|---|---|---|
| 001 | 3232 | ||
| 005 | 20260306144905.0 | ||
| 008 | 260306t1968||||xx |||||||||||||| ||spa|| | ||
| 041 | _aESP | ||
| 082 |
_a262.9 _bC265D |
||
| 100 |
_aSegunda Conferencia General del Episcopado Latinoamericano _eAUT |
||
| 245 | 0 | _aDocumentos finales | |
| 260 | _c1968 | ||
| 300 |
_a216 páginas : _c18 cm. |
||
| 650 | _aGEN | ||
| 654 | _aCHU | ||
| 942 |
_cLIB _dJUS _fJUS _2ddc _n |
||
| 999 |
_c3232 _d3232 |
||